LIBRARY & INFORMATION CENTRE, KCAET, TAVANUR

ONLINE PUBLIC ACCESS CATALOGUE (OPAC)

Physics of electricity and magnetism / (Record no. 11061)

MARC details
000 -LEADER
fixed length control field 00462cam a2200181ua 4500
041 ## - LANGUAGE CODE
Language code of text/sound track or separate title eng
082 ## - DEWEY DECIMAL CLASSIFICATION NUMBER
Classification number 537
Item number SCO/PH
100 ## - MAIN ENTRY--AUTHOR NAME
Personal name Scott, William Tausig .
245 ## - TITLE STATEMENT
Title Physics of electricity and magnetism /
250 ## - EDITION STATEMENT
Edition statement 1 /
260 ## - PUBLICATION, DISTRIBUTION, ETC. (IMPRINT)
Place of publication London :
Name of publisher John Wiley & Sons ,
Year of publication 1959.
300 ## - PHYSICAL DESCRIPTION
Number of Pages 635 ; .
942 ## - ADDED ENTRY ELEMENTS (KOHA)
Koha item type Books
Holdings
Withdrawn status Lost status Damaged status Home library Current library Date acquired Full call number Accession Number Koha item type
Withdrawn     KAUAET KAUAET 07/04/2012 537 SCO/PH 8002 Books
free website counter